000 00487nam a22001697a 4500
999 _c6346
_d6346
003 GBCCL
005 20241126110601.0
008 180510b ||||| |||| 00| 0 eng d
040 _cgbc
082 _aVER 940.53
_bTON
100 _aTonsing, T. Thanga
_911369
245 _aKhovel kidoupi nihna:
_bPart I /
_cT. Thanga Tonsing
260 _bStandard English School,
_aImphal:
_c2005
300 _a288 p.;
_bill., maps,
_c21 cm.
650 _aWorld War II
_xHistory
_911370
942 _2ddc
_cBK
_02